Every Character Mentioned In Narnia-The Last Battle - Statistics

General Stats
  • This quiz has been taken 6 times
  • The average score is 40 of 50
Answer Stats
Times Mentiones Answer % Correct
2 Adam
100%
1 Aravis
100%
156 Aslan
100%
1 Breehy-hinny-brinny-hoohy-ha
100%
13 Digory Kirke
100%
1 Drinian
100%
20 Edmund Pevensie
100%
88 Eustace Clarence Scrubb
100%
2 Eve
100%
1 Father Time
100%
1 Frank
100%
21 Ginger
100%
1 Glenstorm
100%
1 Helen
100%
1 Helen
100%
1 Hwin
100%
2 Jadis the White Witch
100%
53 Jewel
100%
92 Jill Pole
100%
31 Lucy Pevensie
100%
3 Mr. Tumnus
100%
29 Peter Pevensie
100%
12 Polly Plummer
100%
87 Puzzle
100%
2 Reepicheep
100%
8 Rilian
100%
1 Shasta/Cor
100%
46 Shift
100%
2 Strawberry/Fledge
100%
3 Susan Pevensie
100%
82 Tash
100%
177 Tirian
100%
1 Bern
67%
1 Corin
67%
13 Farsight
67%
1 Glimfeather
67%
1 Lune
67%
2 Miraz
67%
25 Poggin
67%
2 Puddleglum
67%
1 Trumpkin
67%
6 Caspian
33%
12 Emeth
33%
11 Griffle
33%
25 Rishda Tarkaan
33%
12 Roonwit
33%
1 Trufflehunter
33%
1 Erian
0%
1 Harpa Tarkaan
0%
1 Swanwhite
0%
No matching quizzes found
Score Distribution
Percent of People with Each Score
Percentile by Number Answered
Your Score History
You have not taken this quiz